000 00317 a2200145 4500
001 71538
020 _a
040 _cAnchieta - Colégio São Paulo
100 _aFernandes, Paulo Dias
240 1 0 _aFesta no céu
_lpor
245 1 0 _aFesta no céu
300 _a[14]
650 4 _aLiteratura infantil
942 _cBK
999 _c71538
_d71538